| 000 | 01395nam a2200193Ia 4500 | ||
|---|---|---|---|
| 001 | 19758 | ||
| 003 | GE_BSU | ||
| 008 | 181216s||||||||xx |||||||||||||| ||und|| | ||
| 040 | _cGE_BSU | ||
| 245 | _aსაქართველოს უზენაესი სასამართლოს გადაწყვეტილებანი ადმინისტრაციულ საქმეებზე 8. უძრავი ქონების საკუთრება. 2016 | ||
| 250 | _aჟურნალი გამოდის საქართველოს უზენაესი სასამართრლოსა და საქართველოს იუსტიციის უმაღლესი საბჭოს საერთო სასამართლოების დეპარტამენტის მხარდაჭერით. | ||
| 260 | _aთბილისი | ||
| 260 | _c2016 | ||
| 300 | _a180გვ. ; 21სმ | ||
| 653 | _aპერიოდიკა | ||
| 653 | _aსამართალი | ||
| 653 | _aსაქართველოს უზენაესი სასამართლოს გადაწყვეტილებანი ადმინისტრაციულ საქმეებზე 8. უძრავი ქონების საკუთრება. 2016 | ||
| 942 | _cCR | ||
| 999 |
_c52732 _d52732 |
||